000 00305nam a22001337a 4500
008 170815b xxu||||| |||| 00| 0 eng d
020 _a9780536751966
041 _aeng
080 _a51
100 _a36
101 _aMAT
245 _aCOLLEGE TECHNICAL MATHEMATICS
_cCHRISTOPHER.J
942 _2udc
_cBK
999 _c23562
_d23562